| 000 | 00848nam a2200217Ia 4500 | ||
|---|---|---|---|
| 999 |
_c40792 _d40792 |
||
| 001 | 7431 | ||
| 003 | GE_BSU | ||
| 005 | 20231130122717.0 | ||
| 008 | 181216s1964||||ge |||||||||||||| ||geo|| | ||
| 040 | _cGE_BSU | ||
| 041 | _ageo | ||
| 080 | _a821.353.1-32 დ-26 | ||
| 100 |
_aდგებუაძე, ორდე _920518 |
||
| 245 |
_aჩაძირული თოლია ნაწ. პირველი : _bრომანი / _cორდე დგებუაძე ; რედ. რ. ორჯონიკიძე. |
||
| 264 |
_aთბილისი : _bნაკადული, _c1964. |
||
| 300 |
_a550 გვ. : _bილ. ; _c20სმ. |
||
| 653 | _aრომანი | ||
| 653 | _aჩაძირული თოლია | ||
| 700 |
_aორჯონიკიძე, რ. _eრედაქტორი _920525 |
||
| 942 |
_cBK _2udc |
||